| Tag |
First Indicator |
Second Indicator |
Subfields |
| LEADER |
00000nam a2200000 a 4500 |
| 001 |
in00004756821 |
| 006 |
m|||||o||d|||||||| |
| 007 |
cr ||||||||||| |
| 008 |
120307s1996 cau fo| 001|0|eng|d |
| 005 |
20231120174013.2 |
| 020 |
|
|
|a 9781452243276 (ebook) :
|c No price
|
| 035 |
|
|
|a (OCoLC)1017726052
|
| 035 |
|
|
|a (StDuBDS)EDZ0000062150
|
| 040 |
|
|
|a StDuBDS
|b eng
|c StDuBDS
|e pn
|
| 050 |
|
0 |
|a BF575.A86
|b F44 1996
|
| 082 |
0 |
4 |
|a 155.6
|2 23
|
| 100 |
1 |
|
|a Feeney, Judith.
|
| 245 |
1 |
0 |
|a Adult attachment /
|c Judith Feeney and Patricia Noller.
|
| 260 |
|
|
|a Thousand Oaks, Calif. ;
|a London :
|b SAGE,
|c c1996.
|
| 300 |
|
|
|a 1 online resource (xiii, 176 pages).
|
| 336 |
|
|
|a text
|b txt
|2 rdacontent
|
| 337 |
|
|
|a computer
|b c
|2 rdamedia
|
| 338 |
|
|
|a online resource
|b cr
|2 rdacarrier
|
| 490 |
1 |
|
|a SAGE series on close relationships
|
| 520 |
8 |
|
|a This book draws together the diverse strands of attachment theory into a coherent contemporary account. It examines the links between attachment and other central life tasks such as work, and the issues of conceptualisation and measurement.
|
| 521 |
|
|
|a Specialized.
|
| 588 |
|
|
|a Description based on print version record.
|
| 504 |
|
|
|a Includes bibliographical references and index.
|
| 650 |
|
0 |
|a Attachment behavior.
|
| 650 |
|
0 |
|a Attachment behavior in children.
|
| 650 |
|
0 |
|a Interpersonal relations.
|
| 650 |
|
0 |
|a Intimacy (Psychology)
|
| 655 |
|
7 |
|a Electronic books.
|2 local
|
| 700 |
1 |
|
|a Noller, Patricia.
|
| 710 |
2 |
|
|a Sage Publications.
|
| 776 |
0 |
8 |
|i Print version :
|z 9780803972247
|
| 830 |
|
0 |
|a SAGE series on close relationships.
|
| 856 |
4 |
0 |
|u http://proxy.library.tamu.edu/login?url=https://sk.sagepub.com/books/adult-attachment
|z Connect to the full text of this electronic book
|t 0
|
| 955 |
|
|
|a SAGE Knowledge
|
| 999 |
f |
f |
|s 2ecb23d9-c16d-4b77-abbf-dd16f69d2b48
|i d8f7b6c0-6284-448e-be3e-ae3d84df6198
|t 0
|
| 952 |
f |
f |
|a Texas A&M University
|b College Station
|c Electronic Resources
|d Available Online
|t 0
|e BF575.A86 F44 1996
|h Library of Congress classification
|
| 998 |
f |
f |
|a BF575.A86 F44 1996
|t 0
|l Available Online
|